Statistics for More Speed Typing (Again) (Again)

Click here to take the quiz!

General Stats

  • This quiz has been taken 374 times
  • The average score is 30 of 99

Answer Stats

HintAnswer% Correct
ss
100%
ee
98%
pp
98%
cc
96%
tt
95%
rr
93%
ee
92%
ii
92%
rr
92%
ss
92%
pp
91%
ee
90%
cc
87%
tt
84%
rr
81%
ee
79%
ii
79%
rr
76%
ss
72%
pp
66%
ee
63%
cc
60%
tt
56%
rr
54%
ii
50%
ee
47%
rr
45%
ss
44%
pp
43%
ee
41%
cc
40%
tt
39%
ii
34%
rr
34%
ee
33%
rr
32%
ss
31%
pp
29%
cc
25%
ee
25%
tt
25%
rr
23%
ii
21%
ee
18%
pp
15%
rr
15%
ss
15%
ee
14%
cc
12%
rr
11%
tt
11%
ii
10%
ee
9%
rr
9%
ss
9%
cc
8%
ee
8%
ee
8%
ii
8%
pp
8%
rr
8%
rr
8%
ss
8%
tt
8%
cc
7%
ee
7%
pp
7%
cc
5%
ee
5%
ee
5%
ii
5%
ii
5%
pp
5%
rr
5%
rr
5%
rr
5%
ss
5%
tt
5%
tt
5%
cc
4%
ee
4%
ee
4%
pp
4%
rr
4%
ss
4%
tt
4%
cc
3%
ee
3%
ee
3%
ii
3%
pp
3%
rr
3%
rr
3%
ss
3%
ee
2%
ii
2%
rr
2%
rr
2%
tt
2%

Score Distribution

Percentile by Number Answered

Percent of People with Each Score

Your Score History

You have not taken this quiz